La Liga 2025/26 Clubs by Badges - Statistics

General Stats
  • This quiz has been taken 117 times
  • The average score is 18 of 20
Answer Stats
Picture Answer % Correct
Atlético Madrid
100%
FC Barcelona
99%
Real Madrid
99%
Athletic Club Bilbao
98%
Real Betis
97%
Valencia CF
95%
Real Sociedad
93%
Sevilla FC
93%
RCD Espanyol de Barcelona
92%
Celta de Vigo
91%
Girona FC
90%
Villareal CF
90%
CA Osasuna
88%
Getafe CF
88%
Rayo Vallecano
88%
Levante UD
84%
RCD Mallorca
84%
Deportivo Alavés
80%
Elche CF
76%
Real Oviedo
70%
No matching quizzes found
Score Distribution
Percent of People with Each Score
Percentile by Number Answered
Your Score History
You have not taken this quiz